000 00388 a2200133 4500
000 nam a22 7a 4500
100 _aरजनी रानी
110 _aरजनी रानी
245 _aहिन्दी भाषा और साहित्य
250 _aLatest edition
260 _bदिव्यम
_c2024
264 _bदिव्यम
_c2024
942 _cBK
999 _c396664
_d396664